00475nam a2200193 a 4500001001300000003000900013005001700022008004100039020001000080082001700090100001900107245002300126260004300149300000900192500003500201505001000236650001600246700001900262nice12345678IN_TiNIC20260116013856.0050524s1999 alia grp 000 0 eng  ac48000a340.59bAKH1 aAkhtar, Shahid aMuslim Law Digest. aAligarh bPremier Publishing Co.c1999 a752p aincludes index and biblioraphy2 aIndex aIslamic-Law1 aAkhtar, Shahid